00701nam a2200181 a 450000100100000000500170001000800410002702000150006804000250008308200140010824501290012226000560025130000360030750000380034304900090038195201120039099900170050200003016220200930060108.0110503s2005 dr ac 000 0 spa d a9945851934 aDO-SdBNPbspacBNPHU axxxbR37400aReinvenciones :bfotografía dominicana post-dictadura. obras de la colección del Centro Cultural Eduardo León Jimenes. aSantiago de los Caballeros :bCentro León,c2005. a71 p. :bil. ; retrs. ;c24 cm. aincluye notas al pie de páginas aBNPD 0010718PDaPDbPDcCTd2011-05-03iLF1l0oxxx R374p30162-10r2020-06-25w2020-06-25yLFPDZNo se presta c29654d29654